NESLİ TÜKENMEKTE OLAN HAYVANLAR (Kayıt no. 837258)

MARC ayrıntıları
000 -LEADER
sabit uzunluktaki kontrol alanı 00270nam a2200097Ia 4500
001 - KONTROL NUMARASI
kontrol alanı 837258
005 - EN SON İŞLEMİN TARİH VE ZAMANI
kontrol alanı 20250826172529.0
008 - SABİT-UZUNLUKTA VERİ ÖĞELERİ--GENEL BİLGİ
sabit uzunluktaki kontrol alanı 250824s9999 xx 000 0 und d
245 #0 - ESER / YAZAR
ESER ADI NESLİ TÜKENMEKTE OLAN HAYVANLAR
Yazar Adı SEVDE SEVAN USAK
260 ## - YAYIN, DAĞITIM, VB.
YAYIN EVİ YEDİVEREN ÇOCUK YAYINLARI
Mevcut
Düşüm durumu Kayıp durumu Hasar Durumu Ödünç verilmez Ana kütüphane Geçerli Kütüphane Edinilen tarih Toplam ödünç verme sayısı Barkod Son görüntüleme tarihi Fiyatın geçerli olmaya başladığı tarih Koha materyal türü
        NECİP FAZIL KISAKÜREK ORTAOKULU NECİP FAZIL KISAKÜREK ORTAOKULU 24.08.2025   1041968 26.08.2025 26.08.2025 Kitaplar
Gemini Bilgi Teknolojileri A.Ş. tarafından düzenlenmiştir.